| 000 | 00767cam a22002292 4500 | ||
|---|---|---|---|
| 001 | 0000012662 | ||
| 005 | 20151217161142.0 | ||
| 008 | 090304s xx 000 0 eng d | ||
| 020 | _a0802490565 : | ||
| 040 |
_aKABU _cKABU |
||
| 050 | 0 |
_aBS417 _b.U5 2005 |
|
| 100 | 1 |
_aUnger, Merrill Frederick. _@0000148955 |
|
| 245 | 1 | 4 |
_aThe New Unger's Bible handbook / _cMerrill Frederick Unger; revised by Gary N. Larson. |
| 260 |
_aChicago : _bMoody Press, _c2005. |
||
| 300 | _a751 p. | ||
| 650 | 0 |
_aBible _vHandbooks, manuals, etc. _@0000148956 |
|
| 700 | 1 |
_aLarson, Gary N. _@0000148957 |
|
| 852 | 1 | _9p3400 KES | |
| 852 | 1 | _9p3400 KES | |
| 908 | _a090304 | ||
| 950 | _@1 | ||
| 999 |
_c15101 _d15101 |
||